Movies Quiz

Random Movies or Nominee Quiz

Missing Name: 1960 Oscar Nominees (Clickable) Quiz Stats

Quiz not verified by Sporcle

Challenge
Share
Tweet
Embed
Score 0/25 Timer 04:00
0 Plays Today
% Correct
Alfred
95.5%
Burt
95.5%
Peter
95.5%
Peter
95.5%
Laurence
94.5%
Elizabeth
94.5%
Janet
94.5%
Billy
93.6%
Spencer
93.6%
Deborah
93.6%
Shirley
93.6%
Shirley
92.7%
Jack
90%
% Correct
Greer
90%
Sal
90%
Jack
88.2%
Trevor
86.4%
Fred
81.8%
Shirley
80.9%
Melina
80.9%
Mary
80%
Glynis
76.4%
Jack
71.8%
Jules
70%
Chill
70%

You're not logged in!

Compare scores with friends on all Sporcle quizzes.
Sign Up with Email
OR
Log In

You Might Also Like...

Show Comments

Extras

Top Quizzes Today


Score Distribution

Your Account Isn't Verified!

In order to create a playlist on Sporcle, you need to verify the email address you used during registration. Go to your Sporcle Settings to finish the process.